|
|
|
|
| LEADER |
00000nab a2200000 a 4500 |
| 001 |
vtls008424594 |
| 003 |
SK-MaSNL |
| 005 |
20260303065916.0 |
| 008 |
140328c2005 xo zr|p|||||||000 b|slo |
| 015 |
|
|
|a SNBRB2006/01
|2 snkbucl
|
| 038 |
|
|
|a SNKBUCL
|
| 040 |
|
|
|a SNKBUCL
|b slo
|c SNKBUCL
|e AACR2
|
| 041 |
0 |
|
|a slo
|
| 044 |
|
|
|a xo
|c SK
|
| 080 |
|
|
|a 692.23.059.7:725.2
|x (437.6)
|2 1997
|
| 080 |
|
|
|a 725.2.02
|x (437.6)
|2 1997
|
| 080 |
|
|
|a 69.059.7
|2 1997
|
| 100 |
1 |
|
|a Baláž, Adam
|4 aut
|9 305032
|
| 245 |
1 |
0 |
|a Rekonštrukcia fasády budovy SPP v Žiline
|c Baláž, DS Mont Žilina
|
| 300 |
|
|
|b Fotogr.
|
| 610 |
2 |
7 |
|a Slovenský plynárenský priemysel (Žilina, Slovensko)
|2 snkbucl
|9 1066598
|
| 650 |
0 |
7 |
|a fasády
|2 snkbucl
|9 26054
|
| 650 |
0 |
7 |
|a rekonštrukcie stavieb
|2 snkbucl
|9 74886
|
| 651 |
|
7 |
|a Žilina (Slovensko)
|2 snkbucl
|9 28812
|
| 773 |
0 |
|
|t Eurostav
|g Roč. 11, č. 6 (2005), s. 28
|x 1335-1249
|
| 852 |
|
|
|a SNK
|b KIS3GCP
|
| 999 |
|
|
|c 1753218
|d 1755148
|